000 00866cam a22002291i 4500
003 SA-RiAUC
005 20250903100032.0
008 250902q19001999su g 000 0cara c
040 _aSA-JeALM
_bara
_cSA-RiAUC
_erda
082 0 4 _a923.9
_qSA-RiAUC
090 _a923.9
_b ا ح م
100 1 _aأحمد، أحمد رمضان
_eمؤلف.
245 1 2 _aالرحلة والرحالة المسلمون /
_cأحمد رمضان أحمد.
264 1 _aجدة، السعودية :
_bدار البيان العربي،
_c[بين 1900 و1999]
300 _a408 صفحة
_c24 سم.
336 _aنص
_btxt
_2rdacontent
_3كتاب
337 _aبدون وسيط
_bn
_2rdamedia
650 7 _aالرحالة المسلمون
_vتراجم
_2aucsh
650 7 _aالجغرافيا عند العرب
_2aucsh
942 _2ddc
_cBOOK
_n0
949 _aSA-JeALM
_d250902
_uosman123
_n1
999 _c11433
_d11433